| Tag |
First Indicator |
Second Indicator |
Subfields |
| LEADER |
00000cam a2200000 i 4500 |
| 001 |
in00001364483 |
| 005 |
20151006075047.0 |
| 007 |
hd bfu---bubu |
| 008 |
801027s1885 nyu a 000 1 eng d |
| 010 |
|
|
|a nuc87554196
|
| 035 |
|
|
|a (OCoLC)06867623
|
| 035 |
|
|
|9 AHJ0377AM
|
| 037 |
|
|
|a CL0054000005
|b University Microfilms Imternational
|
| 037 |
|
|
|b University Microfilms International, 300 N. Zeeb Rd., Ann Arbor, MI 48106
|
| 040 |
|
|
|a UnM
|c UMI
|d RQM
|d UtOrBLW
|
| 049 |
|
|
|a TXAI
|
| 050 |
1 |
4 |
|a PS2048.I6
|b D55 1885
|
| 099 |
|
|
|a film
|a B
|a 3866
|
| 100 |
1 |
|
|a Ingraham, Prentiss,
|d 1843-1904.
|
| 245 |
1 |
0 |
|a Dick Dead-eye, the boy smuggler, or, The cruise of the vixen /
|c by Colonel Prentiss Ingraham.
|
| 264 |
|
1 |
|a New York :
|b Beadle & Adams,
|c 1885.
|
| 300 |
|
|
|a 31 pages
|
| 336 |
|
|
|a text
|b txt
|2 rdacontent
|
| 337 |
|
|
|a microform
|b h
|2 rdamedia
|
| 338 |
|
|
|a microfilm reel
|b hd
|2 rdacarrier
|
| 490 |
1 |
|
|a Beadle's pocket library ;
|v no. 77
|
| 500 |
|
|
|a Master microform held by: UnM.
|
| 533 |
|
|
|a Microfilm.
|b Ann Arbor, Mich. :
|c University Microfilms International,
|d 1981.
|e 1 reel ; 35 mm.
|f (Dime novels ; Unit 5 ; 77-PL : reel 51:7)
|
| 500 |
|
|
|a Microform.
|
| 830 |
|
0 |
|a Beadle's pocket library ;
|v no. 77.
|
| 830 |
|
0 |
|a Beadle's dime novels ;
|v PL-77, reel 51:7.
|
| 999 |
|
|
|a MARS
|
| 999 |
f |
f |
|s 6737740a-131c-322b-9bf4-404926570ad5
|i 9a8a15ec-3433-3c0b-bb20-7c059aa45214
|t 0
|
| 952 |
f |
f |
|p default
|a Texas A&M University
|b College Station
|c Sterling C. Evans Library
|d Evans: Microforms (3rd floor)
|t 0
|e film B 3866 reel 51:7
|h Other scheme
|i microform -- microfilm reel
|
| 998 |
f |
f |
|a film B 3866 reel 51:7
|t 0
|l Evans: Microforms (3rd floor)
|